| 000 | 00797nam a2200193 i 4500 | ||
|---|---|---|---|
| 001 | 144023 | ||
| 003 | ES-MaACL | ||
| 005 | 20230906200928.0 | ||
| 007 | t| | ||
| 008 | 070214s1971 sp r ||||1| spa d | ||
| 100 | 1 |
_aSimón y Nieto, Francisco. _9132763 |
|
| 245 | 1 | 4 |
_aLos antiguos campos góticos _b: excursiones histórico-artísticas a la Tierra de Campos / _cpor D. José María Simón y Nieto ; con una carta-prólogo de D. José María Quadrado. |
| 260 |
_aPalencia : _bCaja de Ahorros y Monte de Piedad, _c1971 ( _fDiario Día) |
||
| 300 |
_a165 p. : _bil. ; _c24 cm. |
||
| 651 | 4 |
_aTierra de Campos (España, Comarca)- _xDescripción. _9157802 |
|
| 700 | 1 |
_aQuadrado, José María. _994475 |
|
| 710 | 2 |
_aCaja de Ahorros y Monte de Piedad. _92317 |
|
| 852 |
_aES-MaACL _jC-37623 _bR.78626 |
||
| 999 |
_c144023 _d144023 |
||